Praxe versus vzdělání
Čerství absolventi škôl patria medzi najviac ohrozené skupiny na trhu práce v Česku. Prax - vyššie šance. Spolupráca firiem a škôl. Faktory ovplyvňujúce uplatnenie absolventov škôl.
Enregistré dans:
| Format: | Chapitre de livre |
|---|---|
| Langue: | tchèque |
| Sujets: | |
| Tags: |
Pas de tags, Soyez le premier à ajouter un tag!
|
MARC
| LEADER | 00000naa a2200000 4500 | ||
|---|---|---|---|
| 001 | 0117518 | ||
| 005 | 20231113132254.9 | ||
| 041 | 0 | |a cze | |
| 044 | |a CZ | ||
| 245 | 1 | 0 | |a Praxe versus vzdělání |
| 520 | |a Čerství absolventi škôl patria medzi najviac ohrozené skupiny na trhu práce v Česku. Prax - vyššie šance. Spolupráca firiem a škôl. Faktory ovplyvňujúce uplatnenie absolventov škôl. | ||
| 610 | 2 | 0 | |a trh práce |
| 610 | 2 | 0 | |a absolventi |
| 610 | 2 | 0 | |a dopyt po práci |
| 610 | 2 | 0 | |a príležitosť pracovná |
| 610 | 2 | 0 | |a Česko |